000 01136cam a2200313 4500
999 _c18485
_d18485
001 294374
003 BDDh-ASL
005 20231015025717.0
008 700409s1969 enkb b 001 0ceng
010 _a 70446898
015 _aB69-18256
020 _a0048910333
040 _aDLC
_cDLC
_dBDDh-ASL
050 0 0 _aPK2198.M85
_bZ78 1969
082 0 0 _a928.4914
_bRUT
100 1 _aRussell, Ralph,
_d1918-2008.
245 1 0 _aThree Mughal poets:
_bMir, Sauda, Mir Hasan/
_cby Ralph Russell and Khurshidul Islam.
260 _aLondon:
_bAllen & Unwin,
_c1969.
300 _axxv, 290 p. :
_bmap. ;
_c23 cm.
350 _a48/-
440 0 _aUNESCO collection of representative works.
_pIndian series
504 _aBibliography: p. 281-284.
600 0 0 _aMuḥammad Taḳī,
_ccalled Mīr,
_d-1810
_xCriticism and interpretation.
600 1 0 _aSaudā, Mirzā Muḥammad Rafiʻ,
_d1713-1781
_xCriticism and interpretation.
600 1 0 _aḤasan, Mīr,
_dactive 18th century
_xCriticism and interpretation.
700 1 _aIslam, Khurshidul,
_d1919-
_ejoint author.
906 _a7
_bcbc
_corignew
_du
_encip
_f19
_gy-gencatlg
942 _2ddc
_cBK